Amikor aktákat exhumálnak fejezetek a szegedi iparpártolás történetéből

Elmentve itt :
Bibliográfiai részletek
Dokumentumtípus: Cikk
Megjelent: 1914-04-05
Sorozat:Délmagyarország 3 No. 80
Kulcsszavak:Kecskeméti Antal, Ipar Szeged 1914
Online Access:http://dmarchiv.bibl.u-szeged.hu/43034
LEADER 00472nab a2200145 i 4500
001 delm43034
005 20180927130112.0
008 180927s1914 hu o 0|| hun d
040 |a SZTE Délmagyarország Archívum  |b hun 
041 |a hun 
245 0 0 |a Amikor aktákat exhumálnak   |h [elektronikus dokumentum] :  |b fejezetek a szegedi iparpártolás történetéből 
260 |c 1914-04-05 
300 |a 5 
490 0 |a Délmagyarország  |v 3 No. 80 
695 |a Kecskeméti Antal, Ipar Szeged 1914